| 000 | 00369nam a2200157Ia 4500 | ||
|---|---|---|---|
| 003 | OSt | ||
| 005 | 20231213051247.0 | ||
| 008 | 170524s9999 xx 000 0 und d | ||
| 020 | _a9780070589711 | ||
| 040 | _cIIMT UNIVERSITY | ||
| 100 | _aObrien James | ||
| 245 | 0 | _aIntroduction to information systems | |
| 260 | _bTMH New Delhi | ||
| 260 | _c2005 | ||
| 942 |
_2ddc _c02 |
||
| 999 |
_c4963 _d4963 |
||